Joaquín Balaguer : (Record no. 26093)
[ view plain ]
| 000 -CABECERA | |
|---|---|
| campo de control de longitud fija | 00841nam a2200241 a 4500 |
| 001 - NÚMERO DE CONTROL | |
| campo de control | 000026601 |
| 003 - IDENTIFICADOR DEL NÚMERO DE CONTROL | |
| campo de control | DO-SdBNP |
| 005 - FECHA Y HORA DE LA ÚLTIMA TRANSACCIÓN | |
| campo de control | 20240927073748.0 |
| 007 - CAMPO FIJO DE DESCRIPCIÓN FÍSICA--INFORMACIÓN GENERAL | |
| campo de control de longitud fija | ta |
| 008 - DATOS DE LONGITUD FIJA--INFORMACIÓN GENERAL | |
| campo de control de longitud fija | 110323s2000 dr ac 000 0 spa d |
| 040 ## - FUENTE DE LA CATALOGACIÓN | |
| Centro catalogador/agencia de origen | DO-SdBNP |
| Lengua de catalogación | spa |
| Centro/agencia transcriptor | BNPHU |
| 082 #4 - NÚMERO DE LA CLASIFICACIÓN DECIMAL DEWEY | |
| Número de clasificación | 923.17293 |
| Número de documento/Ítem | B171A |
| Número de edición | 22 |
| 100 1# - ENTRADA PRINCIPAL--NOMBRE DE PERSONA | |
| Nombre de persona | Andúnjar Carbonell, Sócrate |
| Fechas asociadas al nombre | 1954- |
| 9 (RLIN) | 53706 |
| 245 10 - MENCIÓN DE TÍTULO | |
| Título | Joaquín Balaguer : |
| Resto del título | ... el gobernante ... un hombre para estas horas / |
| Mención de responsabilidad, etc. | Sócrate Andújar Carbonell. |
| 260 ## - PUBLICACIÓN, DISTRIBUCIÓN, ETC. | |
| Lugar de publicación, distribución, etc. | Santo Domingo : |
| Nombre del editor, distribuidor, etc. | Impresora Conadex,. |
| 300 ## - DESCRIPCIÓN FÍSICA | |
| Extensión | 262 p. : |
| Otras características físicas | il., retrs. ; |
| Dimensiones | 21 cm. |
| 500 ## - NOTA GENERAL | |
| Nota general | Incluye datos biográficos del autor en las solapas |
| 590 ## - NOTA LOCAL (RLIN) | |
| Nota local | Inventariado, 2019/MFF |
| 600 10 - PUNTO DE ACCESO ADICIONAL DE MATERIA--NOMBRE DE PERSONA | |
| Nombre de persona | Balaguer, Joaquín, |
| Fechas asociadas al nombre | 1906-2002 |
| 9 (RLIN) | 76556 |
| 650 14 - PUNTO DE ACCESO ADICIONAL DE MATERIA--TÉRMINO DE MATERIA | |
| Término de materia o nombre geográfico como elemento de entrada | Presidentes |
| Subdivisión geográfica | República Dominicana |
| 9 (RLIN) | 599 |
| 910 ## - DATOS DE OPCIÓN DEL USUARIO (OCLC) | |
| Datos de opción del usuario | Validado. Control de calidad MFF |
| 942 ## - ELEMENTOS DE PUNTO DE ACCESO ADICIONAL (KOHA) | |
| Fuente del sistema de clasificación o colocación | Dewey Decimal Classification |
| Tipo de ítem Koha | Libro |
| Estado de retiro | Estado de pérdida | Fuente del sistema de clasificación o colocación | Restricciones de uso | No para préstamo | Código de colección | Localización permanente | Ubicación/localización actual | Ubicación en estantería | Fecha de adquisición | Total de préstamos | Signatura topográfica completa | Código de barras | Fecha visto por última vez | Precio válido a partir de | Tipo de ítem Koha | Número de copia | Fuente de adquisición |
|---|---|---|---|---|---|---|---|---|---|---|---|---|---|---|---|---|---|
| Dewey Decimal Classification | Préstamo en sala | Dominicana de Servicio | Biblioteca Nacional Pedro Henríquez Ureña | Dominicana | Depósito | 21.06.2013 | BNPHU DS 923.17293 B171A | 2020-0212 | 22.10.2020 | 25.06.2020 | Libro y Folleto Colección Dominicana de Servicio | e. 3 | Donado / Flia. Reyes Duluc | ||||
| Dewey Decimal Classification | Excluido de préstamo | Patrimonio Dominicano | Biblioteca Nacional Pedro Henríquez Ureña | Patrimonio Dominicano | Depósito | 23.03.2011 | BNPHU PD 923.17293 B171A | 26601-10 | 25.06.2020 | 25.06.2020 | Libro y Folleto Colección Patrimonio Dominicano | ||||||
| Dewey Decimal Classification | Excluido de préstamo | Patrimonio Dominicano | Biblioteca Nacional Pedro Henríquez Ureña | Patrimonio Dominicano | Depósito | 21.06.2013 | BNPHU PD 923.17293 B171A | 26601-20 | 25.06.2020 | 25.06.2020 | Libro y Folleto Colección Patrimonio Dominicano | e. 2 |
